000 00577nam a22001817a 4500
005 20251108170046.0
008 250721s2001 xx 000 0 ara d
082 1 4 _a320.54/عمي
100 1 _aعميش، سمير
245 1 0 _aالقومية و العولمة :
_bالوعي القومي و النظام العالمي الجديد /
264 1 _aعمان :
_bأزمنة،
_c2001.
300 _a267ص
650 1 7 _aالتدويل
650 1 7 _aالقومية العربية
650 1 7 _aالنظام العالمي الجديد
942 _2ddc
_cBK
999 _c38663
_d38663